000 00888nam a2200265Ia 4500
003 GCL
008 140319s9999 xx 000 0 ara d
020 _a2827215977
040 _aGCL /
_cGCL
082 0 4 _a259
_bف ف
100 1 _aفرحات السعيد المنجى
245 1 0 _aالفتاوى المنجية /
_cفرحات السعيد المنجى
260 _aالقاهرة :
_bدار غريب للطباعة والنشر والتوزيع ،
_c2005
300 _a283 ص ؛
_c24 سم
650 0 4 _aالاداب الاسلامية
650 0 4 _aالحج
650 0 4 _aالصلاة
650 0 4 _aالفتاوى الشرعية
650 0 4 _aالزكاة
650 0 4 _aالمعاملات (فقه أسلامى)
650 0 4 _aالقران
650 0 4 _aالاسلام - مبادىء عامة
650 0 4 _aالاسلام، نظام الحكم فى
942 _2ddc
_cBK
999 _c52487
_d52487